| 000 | 00575nam a22001817a 4500 | ||
|---|---|---|---|
| 003 | CEME | ||
| 005 | 20210628203357.0 | ||
| 008 | 210122b xxu||||| |||| 00| 0 eng d | ||
| 020 | _a0-470-01891-7 | ||
| 040 | _cceme | ||
| 082 | _a629.13236 LAN | ||
| 100 |
_aLangton, Roy _965071 |
||
| 245 | _aStability and control of aircraft systems , introduction to classical feedback control | ||
| 260 |
_aNEW YORK _bJOHN WILEY _c2006 |
||
| 300 | _aXV,238 P | ||
| 650 |
_aSTABILITY OF AIRPLANERS, AIRPLANES- CONTROL. AIRCRAFT SYSTEMS STABILITY AND CONTROL _965072 |
||
| 942 |
_cBK _2ddc |
||
| 999 |
_c573390 _d573390 |
||